| 000 | 00640nam a2200181Ia 4500 | ||
|---|---|---|---|
| 008 | 140529s9999 xx 000 0 und d | ||
| 020 | _a9780415674232 | ||
| 050 |
_aPE 1128 _b.C69388 2012 |
||
| 245 |
_aCommunicating in English : _btalk, text, technology / _cedited by Daniel Allington and Barbara Mayor |
||
| 260 |
_aMilton Park, Abingdon, Oxon ; New York : _bRoutledge, _cc2012. |
||
| 300 |
_a385 p. : _bill. (some col.) ; _c25 cm. |
||
| 500 | _aIncludes bibliographical references and index. | ||
| 521 | _aGE | ||
| 650 | _aCommunication. | ||
| 650 | _aText messages (Cell phone systems) | ||
| 942 |
_kFOR _cBK |
||
| 999 |
_c117744 _d117744 |
||